000 00644nam a2200253Ia 4500
001 41518
005 20240114003424.0
007 ta
008 080331s2005 g b000 u asm u
040 _aCotton College,Assam
041 _aasm
082 _a891.116
_bDa 21 Ta
100 _aDeka, Harekrishna .
245 0 _aTarun Praganmar Kavita /
_cHarekrishna Deka.
_hTextual Documents
250 _aIst ed /
260 _aGuwahati :
_bAnwesha ,
_c2005.
300 _a203pg ;
_c21cm.
653 _aAssamese- poem
653 _aG-Assamese
942 _2ddc
_cBK
999 _c41485
_d41485